| 000 | 00661nam a2200205 a 4500 | ||
|---|---|---|---|
| 005 | 20140311163030.0 | ||
| 008 | 100113s19uu xx 00 eng d | ||
| 020 | _a9780521615280 | ||
| 050 |
_aPE 1128 _b.J25gen 2006 |
||
| 100 | _aJakeman, Vanessa | ||
| 245 |
_aAction plan for IELTS / _cJakeman, Vanessa |
||
| 260 |
_aU.S.A : _bCambridge University Press, _c2008. |
||
| 300 |
_a128 p. : _bill.some col. ; _c27 cm. |
||
| 440 | _aCambridge Books for Cambridge Exams | ||
| 650 | _aInternational English Language System. | ||
| 650 |
_aEnglish Language _xExaminations, study guides. |
||
| 700 | _aMcDowell, Clare | ||
| 942 |
_cBK _2lcc _kFOR |
||
| 999 |
_c39625 _d39625 |
||